000 00367cam a2200157ua 4500
041 _aeng
_h
082 _a828.09
_bUTL/ED
100 _aUtley, T E .
245 _aEdmund Burke /
_cT E Utley.
_hTextual Documents
250 _a1 /
_b.
260 _aLondon :
_bLongman Green and Co ,
_c1957.
300 _a36 ; .
504 _a
942 _cBK
999 _c6999
_d6999